000 00530nam a2200205Ia 4500
008 180207s9999 xx 000 0 und d
020 _a9847999000426
050 _bK556 2012
100 _aKinkaid, Ryan
245 _afixes the gloomy glum day /
245 _cby Ryan Kinkaid ; illustrated by Dave Titus.
260 _aUSA :
260 _bStuffies,
260 _c2012
300 _aunpaged :
300 _bcolor illustration ;
300 _c20cm.
440 _aBizzy the bee.
650 _aAnother stuffies adventure.
999 _c355657
_d355657